[Event "Natal Potiguar op 10th"]
[Site "Natal"]
[Date "2015.07.03"]
[Round "1"]
[White "Dos Anjos, Avner Augusto"]
[Black "Viana, Helio Fernandes"]
[Result "0-1"]
[WhiteElo "1964"]
[BlackElo "1816"]
[PlyCount "86"]
[EventDate "2015.07.03"]
[EventType "swiss"]
[EventRounds "6"]
[EventCountry "BRA"]
[SourceTitle "CBM 167 Extra"]
[Source "ChessBase"]
[SourceDate "2015.09.14"]
[SourceVersion "1"]
[SourceVersionDate "2015.09.14"]
[SourceQuality "1"]

1. d4 Nf6 2. c4 e6 3. Nf3 b6 4. g3 Bb7 5. Bg2 Be7 6. Nc3 0-0 7. Qc2 Bb4 8. Bg5 d6 9. 0-0 Bxc3 10. bxc3 h6 11. Bxf6 Qxf6 12. e4 Nd7 13. a4 a5 14. Rfd1 e5 15. Rab1 Rab8 16. Nh4 Rfe8 17. f3 g6 18. Bh3 Nf8 19. Qf2 Bc8 20. Bxc8 Rexc8 21. c5 bxc5 22. dxc5 Nd7 23. cxd6 Rxb1 24. Rxb1 Qxd6 25. Qe3 Rb8 26. Rxb8+ Nxb8 27. Qa7 Qb6+ 28. Qxb6 cxb6 29. Ng2 Nd7 30. Ne3 Nc5 31. Nd5 Nxa4 32. Kf2 b5 33. Ke3 Nb2 34. Kd2 Nc4+ 35. Kd3 Kf8 36. f4 h5 37. Nc7 exf4 38. gxf4 Na3 39. e5 Ke7 40. Kd4 Kd7 41. Nd5 Nc2+ 42. Kc5 a4 43. c4 a3 0-1